000
00288nam a2200121Ia 4500
008
190216s9999||||xx |||||||||||||| ||und||
100
_a
Ira Krakow
245
0
_a
Lotus 123 Self Taught
260
_b
Pentice Hall Of India
_c
1993
300
_a
475p
650
_a
Computer Science
942
_c
BK
999
_c
8611
_d
8611